[Event "VIE-ch U15 Girls"]
[Site "Hanoi"]
[Date "2022.06.17"]
[Round "9"]
[White "Nguyen, Bui Khanh Hang"]
[Black "Vo, Dang Yen Vy"]
[Result "1-0"]
[WhiteElo "2116"]
[BlackElo "2091"]
[PlyCount "37"]
[EventDate "2022.06.11"]
[EventType "swiss"]
[EventRounds "9"]
[EventCountry "VIE"]
[SourceTitle "EXT 2023"]
[Source "ChessBase"]
[SourceDate "2022.10.05"]
[SourceVersion "1"]
[SourceVersionDate "2022.10.05"]
[SourceQuality "1"]

1. e4 c5 2. Nf3 e6 3. d4 cxd4 4. Nxd4 Nf6 5. Nc3 a6 6. Be3 Nc6 7. Be2 Bb4 8. Nxc6 dxc6 9. Qxd8+ Kxd8 10. 0-0-0+ Ke7 11. Na4 Nxe4 12. Rd4 Ba5 13. Rxe4 b5 14. Nb6 Rb8 15. Nxc8+ Rhxc8 16. Rd1 h6 17. Bf4 Bc7 18. Bxc7 Rxc7 19. Red4 1-0

[Event "VIE-ch U15 Girls"]
[Site "Hanoi"]
[Date "2022.06.13"]
[Round "3"]
[White "Vo, Dang Yen Vy"]
[Black "Nguyen, Tue Minh"]
[Result "1/2-1/2"]
[WhiteElo "2091"]
[BlackElo "2109"]
[PlyCount "62"]
[EventDate "2022.06.11"]
[EventType "swiss"]
[EventRounds "9"]
[EventCountry "VIE"]
[SourceTitle "EXT 2023"]
[Source "ChessBase"]
[SourceDate "2022.10.05"]
[SourceVersion "1"]
[SourceVersionDate "2022.10.05"]
[SourceQuality "1"]

1. d4 d5 2. Nf3 c6 3. c3 Bf5 4. Qb3 Qc7 5. Bf4 Qb6 6. Qxb6 axb6 7. Nbd2 Nd7 8. e3 Ngf6 9. h3 h6 10. Be2 e6 11. 0-0 Ne4 12. Nxe4 Bxe4 13. Ne5 f6 14. Bh5+ g6 15. Nxg6 Bxg6 16. Bxg6+ Kd8 17. Bc2 f5 18. a4 Be7 19. b4 Bg5 20. Bxg5+ hxg5 21. f3 Kc7 22. Kf2 Nf6 23. Rh1 g4 24. hxg4 fxg4 25. f4 Rag8 26. g3 Rh5 27. Rxh5 Nxh5 28. Rh1 Nf6 29. Kg2 Kd6 30. Rh6 Ke7 31. Rh1 Ra8 1/2-1/2